| 000 | 00504nam a2200181 4500 | ||
|---|---|---|---|
| 001 | 127628 | ||
| 003 | ES-MaACL | ||
| 005 | 20230906193042.0 | ||
| 007 | t| | ||
| 008 | 070214s1970 mx r ||||1| spa d | ||
| 100 | 1 |
_aRius Zunon, Luis. _997523 |
|
| 245 | 1 | 0 |
_aNi ná, ni cosa / _cLuis Rius Zunon. |
| 260 |
_aMéxico : _b[s. n.], _c1970. |
||
| 300 |
_a12 h. ; _c22 cm. |
||
| 852 |
_aES-MaACL _j2067-F-26 _bR.74572 |
||
| 852 |
_aES-MaACL _j2085-F-17 _bR.88894 |
||
| 852 |
_aES-MaACL _j2085-F-18 _bR.88893 |
||
| 999 |
_c127628 _d127628 |
||